Pax Romana: ensayo para una interpretación del poder político en Roma
Guardat en:
| Autor principal: | |
|---|---|
| Format: | Llibre |
| Idioma: | espanyol |
| Publicat: |
Buenos Aires
Librería Huemul
1984
|
| Matèries: | |
| Etiquetes: |
Afegir etiqueta
Sense etiquetes, Sigues el primer a etiquetar aquest registre!
|
MARC
| LEADER | 00000nam a2200000 a 4500 | ||
|---|---|---|---|
| 001 | UCW8238 | ||
| 003 | CL-VaPUC | ||
| 008 | 880725e19840000AG |||||||||||||||||spa|d | ||
| 082 | 0 | 4 | |a 937.02 |b CAL |2 21 |
| 100 | |a Calderón Bouchet, Rubén |e author |9 379357 | ||
| 245 | 1 | 0 | |a Pax Romana: ensayo para una interpretación del poder político en Roma |
| 300 | |a 224 p | ||
| 942 | |c BK | ||
| 945 | |d 19880725 00:00:00 | ||
| 260 | |a Buenos Aires |b Librería Huemul |c 1984 | ||
| 650 | 0 | |a Historia |9 255047 | |
| 650 | 0 | |a Política y gobierno |9 255151 | |
| 651 | 0 | |a Roma |9 255106 | |
| 583 | |a last modification |c 19880725 00:00:00 |k Rodrigo Vera | ||
| 999 | |c 220684 |d 220682 | ||
| 952 | |0 0 |1 0 |4 0 |6 937_020000000000000_CAL_1984 |7 0 |8 A |9 213217 |a BIBHIS |b BIBHIS |d 2019-11-15 |i 2815451 |o 937.02 CAL 1984 |p 2815451 |r 2025-01-20 |w 2019-11-15 |y BK |k HIS | ||